01862nam a2200337   4500003000900000005001700009008004100026040004600067041000800113082002900121092000700150099003800157100005600195245020000251264006600451300003100517336002200548337002400570338003300594504006100627546009600688650005300784700003800837856005700875905001300932942001900945999001700964952018100981952018101162952018101343EG-GICUC20260121101217.0251113s1994    ua ||||fr|||| 00| 0 ara d  a EG-GICUCbarac EG-GICUCd EG-GICUCerda0 aara04221a341.84bف ؤ . ت04221  aLaw1 12 341.84 ف ؤ . ت  19940 aفؤاد عبدالمنعم رياضeمؤلف.10a تنازع القوانين وتنازع الاختصاص القضائي الدولي واثار الاحكام الاجنبية \cفؤاد عبدالمنعم رياض،سامية راشد.  aالقاهرة :bدار النهضة العربية،c1994.  a510 ؛صفحةb c24 سم  2rda contentatext  2rda mediaaComputer  2rda carrieraOnline Resource  aيحتوي على ارجاعات ببليوجرافية
  aالنص أغلبه باللغة العربية مع بعض النصوص الفرنسية1 aتنازع القوانينxقانون دولي0 aسامية راشد eمؤلف.40uhttps://fll.law.cu.edu.eg/fulltext/bks/B12-01216.pdf  a75eYara  2ddcn0cBKe21  c42998d42998  00102ddc40718القانون الدولي الخاصaCUbLAW1d2025-11-13l0oLaw1 12	341.84 ف ؤ . ت 1994 1201134	C1pB12-01134r2025-11-13 10:16:00t1w2025-11-13yBK  00102ddc40708القانون الدولي الخاصaCUbLAW1d2025-11-13l0oLaw1 12	341.84 ف ؤ . ت 1994 1201216	C2pB12-01216r2025-11-13 18:17:00t2w2025-11-13yBK  00102ddc40718القانون الدولي الخاصaCUbLAW2d2025-11-13l0oLaw2 12	341.84 ف ؤ . ت 1994 1201215	C3pB12-01215r2025-11-13 18:27:00t3w2025-11-13yBK